000 00671nam a2200289Ia 4500
005 20260324133758.0
008 008 260324s9999 xx 000 0 eng d
020 _a9781315199856
037 _aEBOOK
040 _aCRL
040 _beng
040 _cCRL
041 _2eng
041 _aeng
084 _qCRL
100 _aOliver D. Crisp; Paul Helm
_91194361
245 0 _aJonathan Edwards
245 0 _bPhilsophical Theologian
260 _bTaylor and Francis
260 _c2003
365 _a
365 _b230
856 _uhttp://www.taylorfrancis.com/books/9781315199856
942 _cEBOOK
999 _c1793763
_d1793763